000 00484nam a2200169 i 4500
001 97622
003 ES-MaACL
005 20230906182132.0
007 t|
008 050714s1970 sp ||||1| spa d
100 1 _aMarch, William.
_976399
245 1 0 _aSimiente perversa /
_cWilliam March; [traducción: Raquel H. de Busto].
260 _aMadrid :
_bAlianza,
_c1974.
300 _a196 p. ;
_c18 cm.
700 1 _aBusto, Raquel H. de.
_932910
852 _aES-MaACL
_jC-56187
_bR.88798
999 _c97622
_d97622